Optimum wellness

Detalles Bibliográficos
Formato: Electrónico Revista
Lenguaje:inglés
Publicado: El Segundo, California : Active Interest Media
Materias:
Acceso en línea:Full text available from Research Library: 01/01/2008 to 11/30/2011

MARC

LEADER 00000nas a2200000 i 4500
001 ssj0001077060
003 WaSeSS
005 20200512172242.0
006 m d
007 cr n
008 131227u20uuuuuucaub| p|s|||||| |0eng d
035 |a (WaSeSS)ssj0001077060 
040 |a WaSeSS  |b eng  |c WaSeSS  |d WaSeSS 
050 1 4 |a RA784 
245 0 0 |a Optimum wellness  |h [electronic resource]. 
260 |a El Segundo, California :  |b Active Interest Media 
310 |a Bimonthly 
506 |a License restrictions may limit access. 
588 |a Description based on: Volume IV, Number 1 (January/February 2008); title from title screen (ProQuest, viewed Dec. 27, 2013). 
588 |a Latest issue consulted: Volume VII, Number 6 (November/December 2011) (viewed Dec. 27, 2013). 
650 0 |a Nutrition  |v Periodicals. 
650 0 |a Dietetics  |v Periodicals. 
650 0 |a Health  |v Periodicals. 
655 0 |a Electronic journals. 
856 4 0 |z Full text available from Research Library: 01/01/2008 to 11/30/2011  |u https://search.proquest.com/publication/40357